|
|
|
|
| LEADER |
03475nam a2200457 a 4500 |
| 001 |
45802 |
| 003 |
BD-DhAAL |
| 005 |
20260519121417.0 |
| 008 |
260519t20132011enkab b 001 0 eng |
| 010 |
|
|
|a 2010043729
|
| 016 |
7 |
|
|a 014679905
|2 Uk
|
| 020 |
|
|
|a 9780415436496
|
| 020 |
|
|
|a 0415436494
|
| 020 |
|
|
|z 9780203818459 (ebk.)
|
| 020 |
|
|
|z 0203818458 (ebk.)
|
| 035 |
|
|
|a 16502813
|
| 035 |
|
|
|a (OCoLC)670375397
|
| 040 |
|
|
|a DLC
|c DLC
|d YDX
|d WCM
|d YDXCP
|d OCLCQ
|d BWX
|d ERASA
|d COH
|d UKMGB
|d LHU
|d TOZ
|d DLC
|d BD-DhAAL
|
| 043 |
|
|
|a a-ja---
|
| 050 |
0 |
0 |
|a DS822.5
|b .R68 2011
|
| 082 |
0 |
0 |
|a 952.05
|2 22
|
| 245 |
0 |
0 |
|a Routledge handbook of Japanese culture and society /
|c edited by Victoria Lyon Bestor and Theodore C. Bestor, with Akiko Yamagata.
|
| 250 |
|
|
|a Paperback edition.
|
| 260 |
|
|
|a Abingdon, Oxon ;
|a New York :
|b Routledge,
|c 2013.
|
| 300 |
|
|
|a xvi, 325 pages :
|b illustrations, 1 map ;
|c 24 cm
|
| 490 |
1 |
|
|a Routledge handbooks
|
| 500 |
|
|
|a First published 2011
|
| 504 |
|
|
|a Includes bibliographical references (p. 296-309) and index.
|
| 505 |
0 |
0 |
|t Showa-Era Japan and Beyond: From Imperial Japan to Japan Inc. /
|r Peter Duus --
|t Four Cultures of Japanese Politics /
|r David Leheny --
|t The Cultures and Politics of Language in Japan Today /
|r Nanette Gottlieb --
|t Japanese Education and Education Reform /
|r Roger Goodman --
|t Religion in Contemporary Japanese Lives /
|r Mark R. Mullins --
|t Law and Society in Japan /
|r Lawrence Repeta --
|t The Urbanization of the Japanese Landscape /
|r Paul Waley --
|t Social Class and Social Identity in Postwar Japan /
|r David Slater --
|t The Politics of Gender in Japan /
|r Robin M. LeBlanc --
|t Change and Diversity in the Japanese Family /
|r Merry White --
|t Japan's Queer Cultures /
|r Mark McLelland --
|t Race, Ethnicity, and Minorities in Japan /
|r Richard Siddle --
|t Life on the Margins in Japan: Homeless, Migrant Day Laborers, and People with Disabilities /
|r Carolyn S. Stevens --
|t Aging and Social Welfare in Japan /
|r Leng Leng Thang --
|t The New Prominence of the Civil Sector in Japan /
|r Akihiro Ogawa --
|t Contemporary Architecture in Japan /
|r William H. Coaldrake --
|t Japanese Film and Television /
|r Aaron Gerow --
|t Manga and Anime: Entertainment, Big Business, and Art in Japan /
|r Susan Napier --
|t Popular Music in Japan /
|r Ian Condry --
|t The Sportscape of Contemporary Japan /
|r William Kelly --
|t Cultural Flows: Japan and East Asia / Koichi Iwabuchi --
|r Cuisine and Identity in Contemporary Japan /
|t Theodore C. Bestor.
|
| 526 |
8 |
|
|a AAL
|
| 541 |
1 |
|
|a Donated by Embassy of Japan in Bangladesh, Read Japan Project 2025, The Tokyo Foundation, supported by The Nippon Foundation.
|e 45802
|
| 651 |
|
0 |
|a Japan
|x Civilization
|y 21st century.
|9 60868
|
| 651 |
|
0 |
|a Japan
|x Social conditions
|y 21st century.
|9 60851
|
| 700 |
1 |
|
|a Lyon-Bestor, Victoria.
|9 60869
|
| 700 |
1 |
|
|a Bestor, Theodore C.
|9 60529
|
| 700 |
1 |
|
|a Yamagata, Akiko.
|9 60870
|
| 830 |
|
0 |
|a Routledge handbooks.
|9 60871
|
| 852 |
1 |
|
|a Ayesha Abed Library
|c General Stacks
|
| 942 |
|
|
|2 ddc
|c BK
|
| 999 |
|
|
|c 47986
|d 47986
|
| 952 |
|
|
|0 0
|1 0
|2 ddc
|4 0
|6 952_050000000000000_ROU
|7 0
|9 79233
|a BRACUL
|b BRACUL
|d 2026-05-19
|e Donated by Embassy of Japan in Bangladesh, Read Japan Project 2025, The Tokyo Foundation, supported by The Nippon Foundation.
|l 0
|o 952.05 ROU
|p 3010045802
|r 2026-05-19
|t 1
|w 2026-05-19
|y BK
|x Donated copy received from Embassy of Japan in Bangladesh, Read Japan Project 2025, The Tokyo Foundation, supported by The Nippon Foundation on 08 April 2026; $41.54 Amazon.com
|